Electrical engineering design compendium / (Record no. 8236)
[ view plain ]
| 000 -LEADER | |
|---|---|
| fixed length control field | 00688cam a2200217 a 4500 |
| 001 - CONTROL NUMBER | |
| control field | 1560569 |
| 005 - DATE AND TIME OF LATEST TRANSACTION | |
| control field | 20251112172130.0 |
| 008 - FIXED-LENGTH DATA ELEMENTS--GENERAL INFORMATION | |
| fixed length control field | 920714s1993 maua 000 0 eng |
| 020 ## - INTERNATIONAL STANDARD BOOK NUMBER | |
| International Standard Book Number | 0201566125 |
| 020 ## - INTERNATIONAL STANDARD BOOK NUMBER | |
| International Standard Book Number | 9780201566123 |
| 050 00 - LIBRARY OF CONGRESS CALL NUMBER | |
| Classification number | TK7867 |
| Item number | .M375 1993 |
| 082 00 - DEWEY DECIMAL CLASSIFICATION NUMBER | |
| Classification number | 621.3815 |
| Edition information | 20 |
| 100 1# - MAIN ENTRY--PERSONAL NAME | |
| Personal name | McConnell, Robert L., |
| Dates associated with a name | 1939- |
| 245 10 - TITLE STATEMENT | |
| Title | Electrical engineering design compendium / |
| Statement of responsibility, etc. | Robert L. McConnell, Wils L. Cooley, Nigel T. Middleton. |
| 260 ## - PUBLICATION, DISTRIBUTION, ETC. | |
| Place of publication, distribution, etc. | Reading, Mass. : |
| Name of publisher, distributor, etc. | Addison-Wesley, |
| Date of publication, distribution, etc. | c1993. |
| 300 ## - PHYSICAL DESCRIPTION | |
| Extent | xii, 350 p. : |
| Other physical details | ill. ; |
| Dimensions | 28 cm. |
| 650 #0 - SUBJECT ADDED ENTRY--TOPICAL TERM | |
| Topical term or geographic name entry element | Electronic circuit design. |
| 700 1# - ADDED ENTRY--PERSONAL NAME | |
| Personal name | Cooley, Wils L. |
| 700 1# - ADDED ENTRY--PERSONAL NAME | |
| Personal name | Middleton, Nigel T., |
| Dates associated with a name | 1954- |
| 942 ## - ADDED ENTRY ELEMENTS (KOHA) | |
| Source of classification or shelving scheme | Library of Congress Classification |
| Koha item type | Books |
| Suppress in OPAC | No |
| 999 ## - | |
| -- | 8236 |
| -- | 8236 |
| Withdrawn status | Lost status | Source of classification or shelving scheme | Damaged status | Not for loan | Collection | Home library | Current library | Shelving location | Date acquired | Total checkouts | Full call number | Barcode | Date last seen | Copy number | Price effective from | Koha item type |
|---|---|---|---|---|---|---|---|---|---|---|---|---|---|---|---|---|
| Library of Congress Classification | Non-fiction | Science Library (Miotso) | Science Library (Miotso) | General stacks | 11/12/2025 | TK7867 .M375 MCC | SLM00005802 | 11/12/2025 | 1 | 11/12/2025 | Books |